[Event "Plzen op 9th"]
[Site "Plzen"]
[Date "2017.11.22"]
[Round "4"]
[White "Macho, Miloslav"]
[Black "Mueller, Heinz"]
[Result "1-0"]
[WhiteElo "1720"]
[BlackElo "1982"]
[PlyCount "61"]
[EventDate "2017.11.19"]
[EventType "swiss"]
[EventRounds "7"]
[EventCountry "CZE"]
[SourceTitle "CBM 181 Extra"]
[Source "ChessBase"]
[SourceDate "2017.12.12"]
[SourceVersion "1"]
[SourceVersionDate "2017.12.12"]
[SourceQuality "1"]

1. e4 e5 2. Nf3 Nc6 3. c3 Nf6 4. d4 d6 5. d5 Nb8 6. Be3 c6 7. dxc6 Nxc6 8. Nbd2 Be6 9. Bb5 a6 10. Ba4 Be7 11. 0-0 0-0 12. h3 d5 13. Ng5 Qd7 14. Nxe6 Qxe6 15. Bb3 Qc8 16. exd5 Nb8 17. Qf3 e4 18. Nxe4 a5 19. Nxf6+ Bxf6 20. Rad1 Nd7 21. Bc2 Be5 22. Bd4 Qe8 23. Rfe1 f6 24. Qd3 Qg6 25. Qxg6 hxg6 26. Bxg6 Bxd4 27. Rxd4 Ne5 28. Bh5 Rfd8 29. f4 g6 30. fxe5 gxh5 31. exf6 1-0

[Event "Wch Seniors 14th"]
[Site "Halle"]
[Date "2004.11.04"]
[Round "10"]
[White "Mueller, Heinz"]
[Black "Andreas, Guenter"]
[Result "1/2-1/2"]
[WhiteElo "1995"]
[BlackElo "1922"]
[PlyCount "120"]
[EventDate "2004.10.24"]
[EventType "swiss"]
[EventRounds "11"]
[EventCountry "GER"]
[SourceTitle "EXT 2005"]
[Source "ChessBase"]
[SourceDate "2004.11.15"]
[SourceVersion "1"]
[SourceVersionDate "2004.11.15"]
[SourceQuality "1"]

1. d4 c5 2. c3 e6 3. Nf3 d5 4. e3 Nf6 5. Bd3 Be7 6. 0-0 0-0 7. Nbd2 cxd4 8. exd4 Nc6 9. Re1 Ne8 10. Qc2 f5 11. Ne5 Nxe5 12. dxe5 g5 13. Nf3 Bd7 14. Nd4 a6 15. Qe2 Ng7 16. f4 h6 17. Be3 Rc8 18. Rac1 Bc5 19. Qf2 Be7 20. Qe2 gxf4 21. Bxf4 Bg5 22. Rf1 Qe8 23. Qe3 Qg6 24. Rf3 Nh5 25. Ne2 Bc6 26. Bxg5 d4 27. Nxd4 hxg5 28. Nxc6 Rxc6 29. g4 Nf4 30. gxf5 exf5 31. Bc2 Kg7 32. Rd1 Rf7 33. Bb3 Re7 34. Rg3 Ne6 35. Qd3 Rcc7 36. Bc2 Nf4 37. Qe3 Ne6 38. Rd6 f4 39. Bxg6 fxe3 40. Bc2 e2 41. Kf2 Rc5 42. Re3 Nf4 43. e6 Rc8 44. Rd7 Kf6 45. Rxe7 Kxe7 46. Be4 Rh8 47. h3 Rd8 48. Bxb7 Rd1 49. Rxe2 Nxe2 50. Kxe2 Rb1 51. Bxa6 Rxb2+ 52. Kf3 Rxa2 53. Bc8 Ra4 54. Bd7 Rc4 55. Kg3 Kf6 56. Kf3 Rxc3+ 57. Kg4 Rc4+ 58. Kg3 Ke7 59. Kf3 Kf6 60. Kg3 Rc1 1/2-1/2

[Event "Wch Seniors 14th"]
[Site "Halle"]
[Date "2004.10.29"]
[Round "6"]
[White "Kelchner, Hans"]
[Black "Mueller, Heinz"]
[Result "0-1"]
[WhiteElo "2183"]
[BlackElo "1995"]
[PlyCount "120"]
[EventDate "2004.10.24"]
[EventType "swiss"]
[EventRounds "11"]
[EventCountry "GER"]
[SourceTitle "EXT 2005"]
[Source "ChessBase"]
[SourceDate "2004.11.15"]
[SourceVersion "1"]
[SourceVersionDate "2004.11.15"]
[SourceQuality "1"]

1. d4 d5 2. c4 c6 3. Nf3 Bf5 4. Nc3 e6 5. e3 Bd6 6. Be2 Nd7 7. b3 Ngf6 8. 0-0 h6 9. Bb2 0-0 10. cxd5 exd5 11. Rc1 Re8 12. Bd3 Bxd3 13. Qxd3 Qe7 14. Nd2 Ba3 15. Bxa3 Qxa3 16. f3 Qd6 17. Rfe1 Nh5 18. b4 a6 19. a3 Re7 20. Na4 Rae8 21. Nf1 Qf6 22. Qd2 Qg6 23. Nc5 Nb6 24. a4 Nc4 25. Qf2 f5 26. Nd3 Qd6 27. g3 Nf6 28. Rb1 g6 29. Nf4 Kg7 30. Ng2 Nd7 31. Qc2 Na3 32. Qc3 Nxb1 33. Rxb1 Nb6 34. a5 Nc4 35. Re1 Qf6 36. Kf2 g5 37. Nd2 Nd6 38. Qd3 Re6 39. Nb3 R6e7 40. Nc5 Nc4 41. Kg1 Nd6 42. Qd2 Nb5 43. Qf2 f4 44. Nb3 fxe3 45. Rxe3 Rxe3 46. Nxe3 Rf8 47. Kg2 h5 48. h3 Qg6 49. g4 hxg4 50. hxg4 Nd6 51. Qg3 Rf4 52. Nc5 Qe8 53. Qe1 Kg8 54. Qd2 Qf7 55. Nc2 Qe7 56. Nd3 Nc4 57. Qf2 Rf6 58. Ne5 Nxe5 59. dxe5 Qxe5 60. Nd4 Rh6 0-1

[Event "EU-ch Seniors 04th"]
[Site "Arvier"]
[Date "2004.09.12"]
[Round "3"]
[White "Popivoda, Radmila"]
[Black "Mueller, Heinz"]
[Result "1-0"]
[WhiteElo "2234"]
[BlackElo "1995"]
[PlyCount "31"]
[EventDate "2004.09.10"]
[EventType "swiss"]
[EventRounds "9"]
[EventCountry "ITA"]
[SourceTitle "CBM 102 Extra"]
[Source "ChessBase"]
[SourceDate "2004.11.03"]
[SourceVersion "1"]
[SourceVersionDate "2004.11.03"]
[SourceQuality "1"]

1. e4 g6 2. d4 Bg7 3. Nc3 b6 4. Be3 Ba6 5. Nge2 Nf6 6. f3 d6 7. Qd2 Nbd7 8. Bh6 Kf8 9. h4 Ng8 10. Bxg7+ Kxg7 11. h5 e6 12. 0-0-0 Ngf6 13. g4 h6 14. hxg6 fxg6 15. Nf4 Qc8 16. Nxe6+ 1-0

[Event "Wch Seniors 13th"]
[Site "Bad Zwischenahn"]
[Date "2003.11.20"]
[Round "4"]
[White "Mueller, Heinz"]
[Black "Meinhardt, Guenther"]
[Result "0-1"]
[WhiteElo "1775"]
[BlackElo "1735"]
[PlyCount "126"]
[EventDate "2003.11.16"]
[EventType "swiss"]
[EventRounds "11"]
[EventCountry "GER"]
[SourceTitle "CBM 097 Extra"]
[Source "ChessBase"]
[SourceDate "2004.01.13"]
[SourceVersion "1"]
[SourceVersionDate "2004.01.13"]
[SourceQuality "1"]

1. d4 c5 2. d5 Nf6 3. c4 b5 4. cxb5 a6 5. b6 Qxb6 6. Nc3 d6 7. e4 g6 8. Nf3 Bg7 9. Nd2 0-0 10. Nc4 Qc7 11. Bd3 Nbd7 12. 0-0 Nb6 13. Qe2 Nxc4 14. Bxc4 Nd7 15. f4 Nb6 16. Bd3 c4 17. Bc2 Bd7 18. Be3 Rab8 19. Rab1 Qc8 20. Qf2 Qc7 21. Bd4 Bxd4 22. Qxd4 Nc8 23. Kh1 Na7 24. Rfe1 Nb5 25. Qd2 Qc5 26. Ne2 Bg4 27. Nc3 Qd4 28. Qxd4 Nxd4 29. Bd1 Bxd1 30. Rexd1 Nb5 31. Ne2 Rb7 32. Rdc1 Rfb8 33. Nc3 Nxc3 34. Rxc3 Rxb2 35. Rxb2 Rxb2 36. h3 Rb4 37. a3 Rb3 38. Rxc4 Rxa3 39. Kh2 Kg7 40. Rc7 Kf6 41. e5+ dxe5 42. fxe5+ Kxe5 43. Rxe7+ Kf6 44. Ra7 a5 45. d6 Rd3 46. d7 Ke7 47. Rxa5 Rxd7 48. Rb5 f5 49. Rb1 Kf6 50. h4 f4 51. Rb5 h6 52. Kh3 Rd3+ 53. Kg4 Rg3+ 54. Kxf4 Rxg2 55. Rd5 Ke6 56. Kf3 Rg1 57. Kf2 Rg4 58. Kf3 h5 59. Rb5 Rxh4 60. Rb6+ Kf7 61. Rb7+ Kf6 62. Rb6+ Kg7 63. Rb7+ Kh6 0-1

[Event "Leipzig VfB op 09th"]
[Site "Leipzig"]
[Date "2002.03.09"]
[Round "7"]
[White "Mueller, Heinz"]
[Black "Podolnyy, Jakiv"]
[Result "1-0"]
[WhiteElo "1765"]
[BlackElo "1809"]
[PlyCount "109"]
[EventDate "2002.03.05"]
[EventType "swiss"]
[EventRounds "9"]
[EventCountry "GER"]
[SourceTitle "EXT 2007"]
[Source "ChessBase"]
[SourceDate "2006.11.23"]
[SourceVersion "1"]
[SourceVersionDate "2006.11.23"]
[SourceQuality "1"]

1. d4 e6 2. Nf3 d5 3. e3 Nf6 4. Bd3 c5 5. c3 Nc6 6. 0-0 Be7 7. Nbd2 0-0 8. dxc5 Bxc5 9. e4 h6 10. exd5 exd5 11. Nb3 Bb6 12. h3 Qd6 13. Re1 Be6 14. Be3 Bc7 15. Bc5 Qd8 16. Bxf8 Qxf8 17. Nbd4 Nxd4 18. cxd4 Bb6 19. Rc1 Qd6 20. Bb1 Qf4 21. Qd3 Ba5 22. Qe3 Qxe3 23. Rxe3 Ne8 24. a3 Nd6 25. b4 Bb6 26. Bd3 Rd8 27. a4 a5 28. b5 Kf8 29. Kf1 Ke7 30. Ke2 Kf6 31. Kd2 Nc4+ 32. Bxc4 dxc4 33. Rxe6+ Kxe6 34. Rxc4 f6 35. Kd3 g5 36. Nd2 Rd5 37. Nb3 Kd6 38. Rc8 h5 39. f3 h4 40. Kc4 Rf5 41. Ra8 Rf4 42. Rg8 Bc7 43. Nc5 b6 44. Ne4+ Ke6 45. Rg7 Bd8 46. Rg8 Kd7 47. Nc3 Rf5 48. Kd3 Be7 49. Rg7 Kd6 50. Kc4 Rf4 51. Nd5 Bd8 52. Nxf4 gxf4 53. Rg4 f5 54. Rg6+ Ke7 55. Kd5 1-0

[Event "Leipzig VfB op 08th"]
[Site "Leipzig"]
[Date "2001.02.22"]
[Round "4"]
[White "Mueller, Heinz"]
[Black "Broberg, Horst"]
[Result "0-1"]
[WhiteElo "1764"]
[BlackElo "2127"]
[PlyCount "96"]
[EventDate "2001.02.20"]
[EventType "swiss"]
[EventRounds "9"]
[EventCountry "GER"]
[SourceTitle "EXT 2008"]
[Source "ChessBase"]
[SourceDate "2007.11.25"]
[SourceVersion "1"]
[SourceVersionDate "2007.11.25"]
[SourceQuality "1"]

1. d4 Nf6 2. Nf3 e6 3. Bg5 c5 4. c3 h6 5. Bh4 d5 6. Nbd2 Nbd7 7. e3 Be7 8. Bb5 a6 9. Bxf6 gxf6 10. Be2 b5 11. e4 dxe4 12. Nxe4 Bb7 13. Nxc5 Nxc5 14. dxc5 Bxc5 15. 0-0 Qc7 16. Qc1 Ke7 17. Nd4 Rhg8 18. g3 h5 19. Bf3 h4 20. Bxb7 Qxb7 21. Qe3 Bxd4 22. cxd4 hxg3 23. fxg3 Qd5 24. Qf4 f5 25. Qe5 Rgd8 26. Rad1 Qxe5 27. dxe5 Rxd1 28. Rxd1 Rc8 29. Rd2 Rc5 30. Re2 f6 31. exf6+ Kxf6 32. Kf2 e5 33. Kf3 a5 34. h4 Rc1 35. Rd2 e4+ 36. Kg2 Ke5 37. Kf2 f4 38. gxf4+ Kxf4 39. Re2 Rh1 40. Kg2 Rxh4 41. Rf2+ Ke5 42. Rf8 Rg4+ 43. Kf1 Rf4+ 44. Rxf4 Kxf4 45. Kf2 e3+ 46. Ke1 Kf3 47. Kf1 e2+ 48. Ke1 Ke3 0-1

[Event "Wch Seniors 07th"]
[Site "Bad Wildbad"]
[Date "1997.??.??"]
[Round "10"]
[White "Mueller, Heinz"]
[Black "Igney, Volkhard"]
[Result "0-1"]
[WhiteElo "1861"]
[BlackElo "2280"]
[PlyCount "78"]
[EventDate "1997.11.13"]
[EventType "swiss"]
[EventRounds "11"]
[EventCountry "GER"]
[SourceTitle "EXT 1999"]
[Source "ChessBase"]
[SourceDate "1998.11.16"]
[SourceVersion "1"]
[SourceVersionDate "1998.11.16"]
[SourceQuality "1"]

1. e4 c6 2. d4 d5 3. exd5 cxd5 4. c4 Nf6 5. Nc3 e6 6. Nf3 Bb4 7. Bd2 Nc6 8. a3 Be7 9. c5 Ne4 10. Bb5 0-0 11. b4 Bf6 12. Bxc6 bxc6 13. 0-0 a5 14. bxa5 Nxd2 15. Qxd2 Qxa5 16. Rfe1 Re8 17. Qe3 Qc7 18. a4 Bd8 19. Nd2 f6 20. f4 Qf7 21. Nf3 Bc7 22. Ra3 Qh5 23. Ne2 Ba6 24. Nc3 Qf5 25. g3 Ba5 26. Nh4 Qh5 27. Qf3 Qf7 28. Qe3 Rab8 29. Rb1 Rxb1+ 30. Nxb1 e5 31. Nf3 exd4 32. Qxd4 Re4 33. Qd1 Bb4 34. Rb3 Bxc5+ 35. Kg2 Re2+ 36. Kh1 Qh5 37. Rb8+ Kf7 38. Rb7+ Be7 39. Qf1 Rxh2+ 0-1

[Event "Wattens op 11th"]
[Site "Wattens"]
[Date "1996.??.??"]
[Round "2"]
[White "Mueller, Heinz"]
[Black "Kruck, Daniel"]
[Result "1-0"]
[WhiteElo "2235"]
[BlackElo "1825"]
[PlyCount "127"]
[EventDate "1996.??.??"]
[EventType "swiss"]
[EventRounds "9"]
[EventCountry "AUT"]
[SourceTitle "EXT 2000"]
[Source "ChessBase"]
[SourceDate "1999.11.16"]
[SourceVersion "1"]
[SourceVersionDate "1999.11.16"]
[SourceQuality "1"]

1. g3 e6 2. Bg2 d5 3. f4 c5 4. Nf3 Nf6 5. 0-0 Nc6 6. d3 Be7 7. c3 0-0 8. Qc2 b6 9. e4 Bb7 10. e5 Nd7 11. Re1 Rc8 12. Nbd2 b5 13. Nf1 d4 14. Qe2 Nb6 15. Bd2 Nd5 16. a3 Qd7 17. cxd4 Nxd4 18. Nxd4 cxd4 19. Rec1 Bc5 20. Be4 Ne7 21. Qf3 Bxe4 22. dxe4 Bb6 23. Qd3 a6 24. Bb4 Rxc1 25. Rxc1 Rc8 26. Rxc8+ Nxc8 27. Be1 Qc6 28. Nd2 Qc1 29. Nf3 Qe3+ 30. Qxe3 dxe3 31. Kf1 Ne7 32. Ke2 Nc6 33. Bc3 Kf8 34. Kd3 a5 35. b4 a4 36. Bb2 Ke7 37. Bc1 e2 38. Bd2 Ba7 39. Bc3 Bb6 40. Kxe2 Ba7 41. Kd3 Bb6 42. g4 Ba7 43. f5 Bf2 44. h4 Ba7 45. Ng5 Bf2 46. h5 h6 47. Nf3 Kf8 48. g5 hxg5 49. Nxg5 Bh4 50. Nf3 Bg3 51. f6 Bf4 52. Kc2 Be3 53. Ne1 g6 54. hxg6 fxg6 55. Kd3 Bf4 56. Nc2 Kf7 57. Nd4 Na7 58. Ne2 Bh6 59. Kd4 Bf8 60. Kd3 Nc6 61. Bd4 g5 62. Nc3 Nxd4 63. Kxd4 Bxb4 64. axb4 1-0

[Event "Wattens op 10th"]
[Site "Wattens"]
[Date "1995.??.??"]
[Round "?"]
[White "Ferrari, Josef"]
[Black "Mueller, Heinz"]
[Result "0-1"]
[WhiteElo "2050"]
[BlackElo "2240"]
[PlyCount "72"]
[EventDate "1995.??.??"]
[EventType "swiss"]
[EventRounds "9"]
[EventCountry "AUT"]
[SourceTitle "EXT 2000"]
[Source "ChessBase"]
[SourceDate "1999.11.16"]
[SourceVersion "1"]
[SourceVersionDate "1999.11.16"]
[SourceQuality "1"]

1. d4 g6 2. c4 f5 3. Nc3 Nf6 4. g3 Bg7 5. Bg2 0-0 6. Nf3 d6 7. 0-0 c6 8. Bf4 Qe8 9. Rc1 Nbd7 10. d5 Nc5 11. Nd4 Bd7 12. b4 Nce4 13. Nxe4 Nxe4 14. f3 Nf6 15. e4 fxe4 16. fxe4 Ng4 17. Qd2 Rc8 18. h3 Ne5 19. Nf3 Nxf3+ 20. Rxf3 c5 21. b5 Qd8 22. Rcf1 a6 23. a4 axb5 24. axb5 Ra8 25. Bh6 Rxf3 26. Rxf3 Qa5 27. Qf4 Qa1+ 28. Kh2 Qf6 29. Bxg7 Kxg7 30. Qd2 Qe5 31. Qf2 Kg8 32. Rf7 Bf5 33. Rxf5 gxf5 34. Qxf5 Qxf5 35. exf5 Ra1 36. Be4 Rd1 0-1

[Event "Wattens op 10th"]
[Site "Wattens"]
[Date "1995.??.??"]
[Round "?"]
[White "Mueller, Heinz"]
[Black "Hechl, Gerald"]
[Result "1/2-1/2"]
[WhiteElo "2240"]
[BlackElo "2000"]
[PlyCount "77"]
[EventDate "1995.??.??"]
[EventType "swiss"]
[EventRounds "9"]
[EventCountry "AUT"]
[SourceTitle "EXT 2000"]
[Source "ChessBase"]
[SourceDate "1999.11.16"]
[SourceVersion "1"]
[SourceVersionDate "1999.11.16"]
[SourceQuality "1"]

1. g3 d5 2. f4 Nf6 3. Nf3 Bf5 4. Bg2 e6 5. 0-0 Be7 6. d3 0-0 7. c3 c6 8. Kh1 Nbd7 9. Be3 Qc7 10. Nbd2 h6 11. Bg1 Bh7 12. c4 Rfe8 13. Rc1 Rad8 14. a3 a5 15. Qa4 dxc4 16. Nxc4 Ra8 17. Qc2 a4 18. Nfe5 Nxe5 19. Nxe5 Nd7 20. Nf3 e5 21. Be3 Bf6 22. Nd2 exf4 23. Bxf4 Be5 24. e4 Qd8 25. Nc4 Bc7 26. Nd6 Bxd6 27. Bxd6 Nf8 28. Bb4 Qd7 29. Rcd1 Ne6 30. Bh3 Qc7 31. Qf2 Ng5 32. Bg2 Bg6 33. Bc3 Rad8 34. Rfe1 c5 35. Qf4 Qd7 36. Qf1 b6 37. Rd2 Ne6 38. Bh3 Qc6 39. Bg2 1/2-1/2

[Event "Wattens op 10th"]
[Site "Wattens"]
[Date "1995.??.??"]
[Round "?"]
[White "Mueller, Heinz"]
[Black "Timofeeva, Lidia"]
[Result "1-0"]
[WhiteElo "2240"]
[BlackElo "2175"]
[PlyCount "111"]
[EventDate "1995.??.??"]
[EventType "swiss"]
[EventRounds "9"]
[EventCountry "AUT"]
[SourceTitle "EXT 2000"]
[Source "ChessBase"]
[SourceDate "1999.11.16"]
[SourceVersion "1"]
[SourceVersionDate "1999.11.16"]
[SourceQuality "1"]

1. g3 d5 2. Bg2 Nf6 3. f4 c6 4. Nf3 e6 5. 0-0 Bd6 6. d3 0-0 7. Kh1 Qc7 8. c4 Nbd7 9. Nc3 dxc4 10. dxc4 e5 11. Nh4 Nb6 12. b3 exf4 13. Bxf4 Bxf4 14. Rxf4 Ng4 15. Qd4 Rd8 16. Qe4 Ne5 17. Nf5 Ng6 18. Rff1 Be6 19. Nd4 Re8 20. Qc2 Rad8 21. Rad1 Bg4 22. Nf3 Nd7 23. Ng5 f6 24. Nge4 Nge5 25. Nd6 Re6 26. Nf5 Bh5 27. h3 Bg6 28. e4 Nf7 29. Qf2 Qa5 30. Qc2 Qc7 31. Ne2 Rde8 32. Nf4 Re5 33. h4 Nh6 34. Nxg6 hxg6 35. Nxh6+ gxh6 36. Qd2 R5e7 37. Kh2 Kg7 38. Qf2 b6 39. h5 Rf8 40. hxg6 Ne5 41. Bh3 Nxg6 42. Bf5 Nh4 43. Qe2 Nxf5 44. Rxf5 Kh7 45. Qf3 Re5 46. Rxe5 Qxe5 47. Rd7+ Kh8 48. Qf5 Qxf5 49. exf5 a5 50. Rd6 Re8 51. Rxc6 Re2+ 52. Kh3 a4 53. Rxb6 Rxa2 54. bxa4 Rxa4 55. c5 Rc4 56. Rxf6 1-0